000 00439nam a22001817a 4500
005 20260122163846.0
008 260122b |||||||| |||| 00| 0 eng d
020 _a9788123908267
_c550.00
040 _aMAIN
041 _aEnglish
082 _a577.14
_bBHA
100 _aBhatia S.C.
_96086
245 _aEnvironmental chemistry
260 _aNew Delhi
_bCBS
_c2018
300 _a549
650 _aEnvironment Science
_9310
942 _cBK
999 _c60069
_d60069